Breve tratado de las ceremonias que han de observarse en los días de semana santa.

Detalles Bibliográficos
Formato: Libro
Publicado: México 1841
Materias:
Colección:Banco de datos
Acervo:Biblioteca del Convento de San Pablo. Yuririahupándaro. Guanajuato
Tema general:Liturgia
Notas:Buena. 2E, 2, 21 (4059 1E2).
LEADER 00652nam a22001810004500
035 |a 34648 
036 |a 289 
245 1 0 |a Breve tratado de las ceremonias que han de observarse en los días de semana santa. 
260 |a México  |b Luis Abadiano y Valdes imp.  |c 1841 
500 |a Buena. 2E, 2, 21 (4059 1E2). 
650 1 0 |a Liturgia 
949 |a CRG-CY 
959 |a Ex convento de San Pablo, Museo Regional de Yuririahpúndaro, Guanajuato  |b CCC9 
960 |a Convento San Pablo Yuririahpúndaro, Guanajuato  |b DD86 
961 |a Agustina  |b OA 
942 |c CRG-CY 
943 |g Biblioteca del Convento de San Pablo. Yuririahupándaro. Guanajuato 
999 |c 955314  |d 955314